| 000 | 00726nam a2200241Ia 4500 | ||
|---|---|---|---|
| 003 | GCL | ||
| 008 | 140319s9999 xx 000 0 ara d | ||
| 040 |
_aGCL / _cGCL |
||
| 082 | 0 | 4 |
_aق _b724.9 _bم م |
| 100 | 1 | _aمحمد حماد | |
| 245 | 1 | 0 |
_aمصر تبنى (هدية من الاديب عبدالفتاح الجمل) / _cمحمد حماد |
| 300 | _a260 ص | ||
| 490 | _a | ||
| 650 | 0 | 4 | _aمصر |
| 650 | 0 | 4 | _aالعمارة المصرية |
| 650 | 0 | 4 | _aالمساكن |
| 650 | 0 | 4 | _aالعمارة الحديثة |
| 650 | 0 | 4 | _aالمبانى العامة |
| 650 | 0 | 4 | _aالمبانى الصناعية |
| 650 | 0 | 4 | _aالمبانى التجارية |
| 650 | 0 | 4 | _aجمال عبدالناصر |
| 942 |
_2ddc _cBK |
||
| 999 |
_c38503 _d38503 |
||